Inter Miami most G+A each season 2020s - Statistics

General Stats
  • This quiz has been taken 3 times
  • The average score is 4 of 12
Answer Stats
Season Answer % Correct
20217 Federico Higuain
100%
202119 Gonzalo Higuain
100%
202219 Gonzalo Higuain
100%
20238 Josef Martinez
33%
20239 Robert Taylor
33%
20228 Ariel Lassiter
0%
20204 Brek Shea
0%
202212 Leonardo Campana
0%
202312 Leonardo Campana
0%
202010 Lewis Morgan
0%
20208 Rodolfo Pizarro
0%
20217 Rodolfo Pizarro
0%
No matching quizzes found
Score Distribution
Percent of People with Each Score
Percentile by Number Answered
Your Score History
You have not taken this quiz